A manual of Buddhism in its modern development/ (Record no. 27667)

000 -LEADER
fixed length control field 00381nam a22001451a 4500
020 ## - INTERNATIONAL STANDARD BOOK NUMBER
ISBN 9788121506779
082 ## - DEWEY DECIMAL CLASSIFICATION NUMBER
Classification number 294.302 02
Item number SPE/M
100 ## - MAIN ENTRY--AUTHOR NAME
Personal name Spence Hardy R
245 ## - TITLE STATEMENT
Title A manual of Buddhism in its modern development/
Statement of responsibility, etc by Spence Hardy R
260 ## - PUBLICATION, DISTRIBUTION, ETC. (IMPRINT)
Place of publication New Delhi:
Name of publisher Munshiram Manoharlal,
Year of publication 1995.
300 ## - PHYSICAL DESCRIPTION
Number of Pages 533p.
650 ## - SUBJECT ADDED ENTRY--TOPICAL TERM
Topical Term Buddhism
650 ## - SUBJECT ADDED ENTRY--TOPICAL TERM
Topical Term Religion
942 ## - ADDED ENTRY ELEMENTS (KOHA)
Koha item type Book
Holdings
Withdrawn status Lost status Damaged status Not for loan Permanent Location Current Location Date acquired Cost, normal purchase price Full call number Accession Number Cost, replacement price Price effective from Koha item type
        Sree Sankaracharya University of Sanskrit Sree Sankaracharya University of Sanskrit 08.01.2015 400.00 294.302 02 SPE/M 033514 0.00 08.01.2015 Book